| 000 | 01948nam0a2200397 4500 | ||
|---|---|---|---|
| 001 | RU\NLR\bibl\817765 | ||
| 005 | 20260405074949.0 | ||
| 010 |
_a5-93369-183-6 _bв обл. _95000 |
||
| 021 |
_aRU _b2005-14384 _9733 |
||
| 035 | _aRSL-KNO-002582147 | ||
| 035 | _a(NLR Aleph) 000806693 | ||
| 090 |
_a1215282 _c1215282 |
||
| 100 | _a20050315d2005 |||y0rusy50 ca | ||
| 101 | 0 | _arus | |
| 102 | _aRU | ||
| 105 | _aa ||||||||| | ||
| 106 | _ar | ||
| 200 | 1 |
_aЛовля на фидер _fА. Б. Никитин _gМоск. о-во охотников и рыболовов |
|
| 210 |
_aМ. _cДАИРС _cИзд. Дом Рученькиных _d2005 _gТул. тип. |
||
| 215 |
_a31 с. _cил. _d20 |
||
| 225 | 1 | _aСерия "Охотник. Рыболов" | |
| 225 | 1 | _aСправочник рыболова | |
| 300 | _aЗагл. обл.: Ловля рыбы на фидер | ||
| 512 | 1 |
_6z20790 _aЛовля рыбы на фидер |
|
| 606 | 1 |
_aРыбы _jСправочники _xЛовля на фидер _92389486 _3RU\NLR\auth\661425106 |
|
| 610 | 0 | _aСельское и лесное хозяйство. Сельскохозяйственные и лесохозяйственные науки -- Охотничье хозяйство. Рыбное хозяйство -- Рыбное хозяйство -- Рыболовство -- Спортивное рыболовство -- Справочное издание | |
| 686 |
_aП722.6я2 _2rubbk |
||
| 686 | _aП722.62я2 | ||
| 700 | 1 |
_4070 _8rus _7ca _aНикитин _bА. Б. _cпопуляризатор _gАнатолий Борисович _3RU\NLR\auth\7726637 _99676 |
|
| 790 | 1 |
_4070 _8rus _7ca _aНикитин _bА. Б. _cпопуляризатор _gАнатолий Борисович _3RU\NLR\auth\7726637 _99676 |
|
| 801 | 0 |
_aRU _bRuMoRKP _c20050315 _grcr |
|
| 801 | 1 |
_aRU _bRuMoRGB _c20050315 |
|
| 801 | 2 |
_aRU _bNLR _c20050711 _gPSBO |
|
| 942 | _cBOOK | ||
| 980 | _aNB | ||